000 01220cam a2200229 4500
001 WB3911-05
008 030318n2003 000 0 eng u
035 _a(Sirsi) u121649
245 _aRSL's to be rated with 'traffic light' system
260 _c2003
490 _aHousing Today
_v(324) 14 March 2003, 7(1)
520 _aThe Housing corporation is to grade housing associations using a ranking system consisting of a 'traffic light' system of red, amber and green. These will apply across four categories: governance, viability, management and development performance and replace the previous system of performance assessment and investment summary. This move by the corporation is seen as bold but it has drawn criticism from some quarters as there was no chance to comment on the proposals. It comes as the organisation was about to relinquish its role as inspector of housing associations to the Audit Commission.
590 _aWB
650 _aHOUSING ASSOCIATIONS
650 _aHOUSING CORPORATION
650 _aAUDIT COMMISSION
650 _aPERFORMANCE ASSESSMENT
650 _aPERFORMANCE MONITORING
650 _aREGISTERED SOCIAL LANDLORDS
690 _aAffordable housing
_96215
942 _n0
999 _c72310
_d72310